Statistics for eternal sunshine - Ariana Grande (lyrics)

Click here to take the quiz!

General Stats

  • This quiz has been taken 96 times
  • The average score is 347 of 430

Answer Stats

Answer% Correct
a
98%
eternal
98%
sunshine
98%
sunshine,
98%
you
98%
your
98%
be
96%
chest)
96%
(Chest)
96%
chest
96%
I
96%
my
96%
do
94%
in
92%
just
92%
Just
92%
lie
92%
like
92%
me
92%
on
92%
so
92%
So
92%
the
92%
to
92%
alright
90%
and
90%
Atari
90%
got
90%
I’m
90%
“I’m
90%
it
90%
mirror
90%
play
90%
say,
90%
say
90%
sorry
90%
sorry“
90%
all
88%
can’t
88%
Can’t
88%
(Can’t)
88%
demons,
88%
first
88%
her
88%
Hope
88%
know,
88%
know
88%
lies
88%
looking
88%
Now
88%
Now,
88%
now
88%
This
88%
this
88%
(This)
88%
(This
88%
we
88%
We
88%
don’t
86%
ends,
86%
ends
86%
feel
86%
how
86%
I’ll
86%
what
86%
What
86%
when
86%
You’re
86%
you’re
86%
could
84%
he’s
84%
it’s
84%
showed
84%
think
84%
bed,
82%
boy
82%
care
82%
change
82%
head,
82%
rearrange
82%
she’s
82%
true
82%
truth
82%
wondering
82%
both
80%
couldn’t
80%
feeling
80%
found
80%
people
80%
side
80%
good
78%
laying
78%
our
78%
same
78%
scenes
78%
separate
78%
I’ve
76%
someone
76%
never
75%
played
75%
try
75%
seen
73%
Yet
73%
for
71%
Get
71%
guess
71%
mind
71%
much,
71%
start
71%
yeah,
71%
yeah
71%
loop,
69%
out
69%
of
67%
even
65%
sure
65%
break,
63%
break
63%
Deep
63%
(Deep
63%
(Deep)
63%
insane
63%
painless
63%
rather
63%
Rather
63%
Won’t
63%
(Won’t
63%
(Won’t),
63%
(Won’t)
63%
less
59%
door,
55%
I’d
55%
rewind)
55%
rewind
55%
behind
53%
rewrite
53%
rewrite)
53%
shake)
53%
(Shake)
53%
shake
53%
tight
53%
(Tight)
53%
breaths,
51%
breaths
51%
(Breaths),
51%
(Life),
51%
Life
51%
Life,
51%
(Life,
51%
close
47%
fate
47%
(Fate),
47%
fate,
47%
forget
47%
move,
47%
death,
45%
(Death)
45%
death
45%
(Death),
45%
through
43%
wipe
43%
could’ve
37%
fought
35%
than
35%

Score Distribution

Percentile by Number Answered

Percent of People with Each Score

Your Score History

You have not taken this quiz